| Tag |
First Indicator |
Second Indicator |
Subfields |
| LEADER |
00000cam a22000001 4500 |
| 001 |
in00000028572 |
| 005 |
20151007062737.0 |
| 008 |
790321s1952 nyuag b 00000 eng |
| 010 |
|
|
|a 52014163
|
| 035 |
|
|
|a (OCoLC)00986721
|
| 035 |
|
|
|9 AAD5695AM
|
| 040 |
|
|
|a DLC
|c DLC
|d TXA
|d UtOrBLW
|
| 049 |
|
|
|a TXAM
|c [213678]
|
| 050 |
0 |
0 |
|a MT95
|b .T36
|
| 092 |
|
|
|a 782.08
|b T289
|
| 245 |
0 |
0 |
|a 10 operatic masterpieces /
|c designed by Merle Armitage. Text by Olin Downes, with piano arrangements by Leonard Marker. [With more than eighty decorative drawings by Alberta Sordini. Produced and edited under the direction of L. William Hansen; Robert Sour, editorial advisor].
|
| 264 |
|
1 |
|a New York :
|b Scribner,
|c [1952]
|
| 300 |
|
|
|a 569 pages :
|b illustrations, music. ;
|c 32 cm.
|
| 336 |
|
|
|a text
|b txt
|2 rdacontent
|
| 337 |
|
|
|a unmediated
|b n
|2 rdamedia
|
| 338 |
|
|
|a volume
|b nc
|2 rdacarrier
|
| 500 |
|
|
|a Includes critical commentary, story of each opera, and excerpts arr. for piano, with words of arias in original languages.
|
| 504 |
|
|
|a "Listing of LP recordings, with calibrations": pages 563-569. "BMI LP music selecter [sic]": inserted.
|
| 505 |
0 |
|
|a Marriage of Figaro.--Master-singers of Nuremberg.--Aida.--Carmen.--Tales of Hoffmann.--Boheme.-- Tosca.--Rosenkavalier.--Love of three oranges.--Wozzeck.
|
| 536 |
|
|
|a Gift from the library of Frank and Elizabeth Coulter, December, 1999.
|
| 650 |
|
0 |
|a Operas
|v Stories, plots, etc.
|
| 650 |
|
0 |
|a Operas
|v Discography.
|
| 700 |
1 |
|
|a Downes, Olin,
|d 1886-1955.
|
| 700 |
1 |
|
|a Marker, Leonard.
|
| 999 |
|
|
|a MARS
|
| 999 |
f |
f |
|s 06bd2def-66e5-32af-aafd-c690a08fb025
|i a753331e-72b2-3949-a126-43a640a9d7e1
|t 0
|
| 952 |
f |
f |
|p storage
|a Texas A&M University
|b J.J. Pickle Campus
|c High Density Repository
|d Remote Storage
|t 0
|e MT95 .T36
|h Library of Congress classification
|i unmediated -- volume
|m A14827662561
|
| 952 |
f |
f |
|p ric
|a Texas A&M University
|b Rellis Campus
|c Joint Library Facility
|d Remote Storage
|t 0
|e MT95 .T36
|h Library of Congress classification
|i unmediated -- volume
|m A14801170677
|
| 998 |
f |
f |
|a MT95 .T36
|t 0
|l Remote Storage
|
| 998 |
f |
f |
|a MT95 .T36
|t 0
|l Remote Storage
|